[Event "VI Weekend Firenzescacchi A"]
[Site "Firenze ITA"]
[Date "2012.11.01"]
[Round "1"]
[White "Bagaglia, Riccardo"]
[Black "Seletsky, Grigory"]
[WhiteElo "1773"]
[BlackElo "2297"]
[Result "0-1"]
[PlyCount "108"]
[EventDate "2012.11.01"]

1. e4 c5 2. Nc3 Nc6 3. f4 e6 4. Bb5 Nd4 5. d3 g6 6. Nf3 Bg7 7. O-O Ne7 8. Rb1
O-O 9. Be3 a6 10. Ba4 d5 11. Bxd4 cxd4 12. Ne2 b5 13. Bb3 dxe4 14. dxe4 Bb7 15.
Qd3 Qb6 16. Nfxd4 e5 17. fxe5 Bxe5 18. c3 Rad8 19. Rbd1 Qc7 20. h3 Nc6 21. Qe3
Na5 22. Bc2 Nc4 23. Qc1 Nd6 24. Nf3 Nxe4 25. Rxd8 Rxd8 26. Nxe5 Qxe5 27. Qf4
Qe7 28. Nd4 b4 29. Bb3 Bd5 30. Bxd5 Rxd5 31. Qb8+ Kg7 32. Qa8 Rd8 33. Qxa6 bxc3
34. bxc3 Nxc3 35. Nf3 Qc5+ 36. Kh1 Rd7 37. Rc1 h5 38. Qf1 Qe3 39. Re1 Qf4 40.
Qf2 f6 41. Qc5 Ne4 42. Qb6 g5 43. Qe6 Ng3+ 44. Kg1 Rf7 45. Qe8 h4 46. a4 Qc7
47. Qb5 Qa7+ 48. Kh2 Rb7 49. Qd5 Rd7 50. Qb5 Qc7 51. Kg1 Re7 52. Rd1 Qc2 53.
Rd2 Qc1+ 54. Kf2 Nh1# 0-1

[Event "VI Weekend Firenzescacchi A"]
[Site "Firenze ITA"]
[Date "2012.11.01"]
[Round "1"]
[White "Bini, Alessandro"]
[Black "Petri, Petrag"]
[WhiteElo "1859"]
[BlackElo "1588"]
[Result "1-0"]
[PlyCount "47"]
[EventDate "2012.11.01"]

1. c4 Nf6 2. g3 d5 3. cxd5 Qxd5 4. Nf3 c6 5. Bg2 Qa5 6. Nc3 Bg4 7. h3 Bxf3 8.
Bxf3 e6 9. Qb3 Qc7 10. d4 Bd6 11. Ne4 Nxe4 12. Bxe4 Nd7 13. Bg2 h6 14. e4 a5
15. O-O a4 16. Qd3 Rd8 17. Be3 Be7 18. Rfd1 Ne5 19. Qc2 Ng6 20. Qxa4 O-O 21.
Rac1 Ra8 22. Qb3 Ra5 23. d5 Rd8 24. Bb6 1-0

[Event "VI Weekend Firenzescacchi A"]
[Site "Firenze ITA"]
[Date "2012.11.01"]
[Round "1"]
[White "Calcagnile, Lucio"]
[Black "Pavan, Federico"]
[WhiteElo "2025"]
[BlackElo "1696"]
[Result "1-0"]
[PlyCount "57"]
[EventDate "2012.11.01"]

1. Nf3 d5 2. c4 Nf6 3. d4 c6 4. g3 g6 5. Bg2 Bg7 6. O-O O-O 7. Qb3 dxc4 8. Qxc4
Nbd7 9. Qc2 Re8 10. Rd1 e6 11. b3 Nb6 12. e4 Qc7 13. Bf4 Qe7 14. Nc3 Nh5 15.
Be3 Nf6 16. h3 Bd7 17. a4 Rac8 18. Ne5 Red8 19. a5 Na8 20. Rac1 Nc7 21. Na4 Na6
22. Bf1 Nc7 23. Nc5 b6 24. Ncxd7 Rxd7 25. Nxd7 Qxd7 26. Qxc6 Qxc6 27. Rxc6 bxa5
28. Rdc1 Nfe8 29. Bf4 1-0

[Event "VI Weekend Firenzescacchi A"]
[Site "Firenze ITA"]
[Date "2012.11.01"]
[Round "1"]
[White "Cerri, Paolo"]
[Black "Burgassi, Daniele"]
[WhiteElo "1546"]
[BlackElo "1802"]
[Result "0-1"]
[PlyCount "56"]
[EventDate "2012.11.01"]

1. e4 c5 2. Nc3 Nc6 3. f4 g6 4. Nf3 Bg7 5. Bc4 e6 6. O-O Nge7 7. Qe1 O-O 8. d3
Nd4 9. Nxd4 cxd4 10. Ne2 d5 11. exd5 Nxd5 12. Qf2 Ne3 13. Bxe3 dxe3 14. Qxe3
Bxb2 15. Rab1 Bg7 16. Kh1 Qc7 17. Qh3 b6 18. Bb3 Bb7 19. Ng3 Rad8 20. Ne4 Bd5
21. Qh4 Bxb3 22. cxb3 Rxd3 23. Nf6+ Bxf6 24. Qxf6 Rfd8 25. Rbc1 Qb7 26. Qg5
R8d5 27. Qg4 Rd2 28. a3 Qa6 0-1

[Event "VI Weekend Firenzescacchi A"]
[Site "Firenze ITA"]
[Date "2012.11.01"]
[Round "1"]
[White "Efimov, Igor"]
[Black "Francalanci, Giulio"]
[WhiteElo "2406"]
[BlackElo "1798"]
[Result "1-0"]
[PlyCount "63"]
[EventDate "2012.11.01"]

1. e4 e5 2. Nf3 Nc6 3. Bb5 a6 4. Ba4 Nf6 5. O-O b5 6. Bb3 d6 7. Ng5 d5 8. exd5
Nd4 9. Nc3 Bc5 10. Nce4 Bb6 11. c3 Nxe4 12. Nxe4 Nxb3 13. axb3 Qxd5 14. d3 O-O
15. c4 Qc6 16. c5 Ba7 17. b4 Bb7 18. f3 f5 19. Nf2 a5 20. Bd2 axb4 21. Bxb4
Rfd8 22. Qb3+ Qd5 23. Qc3 Qd4 24. Rfe1 Rd5 25. Qxd4 Rxd4 26. Bc3 Rd5 27. b4 e4
28. dxe4 fxe4 29. Rxe4 Rg5 30. Re7 Bxf3 31. Rxc7 Bxg2 32. h4 1-0

[Event "VI Weekend Firenzescacchi A"]
[Site "Firenze ITA"]
[Date "2012.11.01"]
[Round "1"]
[White "Engl, Alexander"]
[Black "Omeri, Silvan"]
[WhiteElo "1737"]
[BlackElo "2194"]
[Result "0-1"]
[PlyCount "60"]
[EventDate "2012.11.01"]

1. f4 d5 2. Nf3 c5 3. g3 Nc6 4. Bg2 Nf6 5. d3 g6 6. O-O Bg7 7. c3 Bg4 8. Qc2
O-O 9. e4 Rc8 10. e5 Ne8 11. Be3 d4 12. Bf2 Qd7 13. Ng5 h6 14. Ne4 b6 15. Be1
Bh3 16. c4 Bxg2 17. Kxg2 f6 18. exf6 exf6 19. a3 f5 20. Nf2 Nf6 21. b4 Rce8 22.
b5 Nd8 23. Bd2 Re2 24. Re1 Rfe8 25. Rxe2 Rxe2 26. Kf1 Re6 27. a4 Ng4 28. Nxg4
fxg4 29. Na3 Qb7 30. Kg1 Re2 0-1

[Event "VI Weekend Firenzescacchi A"]
[Site "Firenze ITA"]
[Date "2012.11.01"]
[Round "1"]
[White "Fiaschi, Maurizio"]
[Black "Stirpe, Claudio"]
[WhiteElo "1673"]
[BlackElo "1995"]
[Result "0-1"]
[PlyCount "42"]
[EventDate "2012.11.01"]

1. e4 c5 2. b4 cxb4 3. Nf3 d5 4. Bb5+ Bd7 5. Qe2 dxe4 6. Bxd7+ Qxd7 7. Qxe4 e6
8. O-O Nf6 9. Qe2 Nc6 10. a3 a6 11. axb4 Bxb4 12. Na3 O-O 13. Nc4 Rad8 14. c3
Be7 15. d4 Qc7 16. Bd2 Rc8 17. Rfb1 Nd5 18. Nce5 Nxe5 19. Nxe5 Nxc3 20. Bxc3
Qxc3 21. Rxb7 Qxa1+ 0-1

[Event "VI Weekend Firenzescacchi A"]
[Site "Firenze ITA"]
[Date "2012.11.01"]
[Round "1"]
[White "Garofalo, Simone"]
[Black "La Cognata, Lorenzo"]
[WhiteElo "2009"]
[BlackElo "1674"]
[Result "1-0"]
[PlyCount "121"]
[EventDate "2012.11.01"]

1. e4 e6 2. d4 d5 3. Nd2 c5 4. exd5 Qxd5 5. Ngf3 cxd4 6. Bc4 Qd6 7. O-O Nc6 8.
Nb3 Nf6 9. Nbxd4 Nxd4 10. Nxd4 a6 11. Re1 Be7 12. c3 O-O 13. Qf3 Qc7 14. Bb3
Bd7 15. Bf4 Qb6 16. Rad1 Bc5 17. Be5 Ne8 18. Qg3 Rd8 19. h4 Bd6 20. Bxd6 Qxd6
21. Qg5 Qc7 22. Qe7 Bc8 23. Qxc7 Nxc7 24. Nf3 b5 25. Ne5 Bb7 26. Nd7 Rfe8 27.
Rd4 Bd5 28. Nc5 Bxb3 29. Nxb3 Rxd4 30. Nxd4 Rd8 31. Kf1 Nd5 32. g3 Nb6 33. Ke2
Nc4 34. b3 Nb6 35. Nc6 Rd6 36. Rd1 Nd5 37. Ne7+ Kf8 38. Nxd5 exd5 39. Kd3 Ke7
40. Kd4 Kd7 41. Rd2 Kc6 42. Re2 Rf6 43. f4 Rd6 44. Re5 g6 45. Re7 Rf6 46. Ra7
Kb6 47. Rd7 Kc6 48. Rxd5 h5 49. Rc5+ Kb6 50. Re5 Kc6 51. Re7 Rf5 52. Re5 Rf6
53. Rc5+ Kb6 54. c4 Re6 55. Re5 Rd6+ 56. Rd5 Re6 57. c5+ Kc6 58. Re5 Rf6 59. b4
Kc7 60. Re7+ Kc6 61. Ra7 1-0

[Event "VI Weekend Firenzescacchi A"]
[Site "Firenze ITA"]
[Date "2012.11.01"]
[Round "1"]
[White "Ghods, Maziar"]
[Black "Cignolini, Eugenio"]
[WhiteElo "1896"]
[BlackElo "1661"]
[Result "1-0"]
[PlyCount "41"]
[EventDate "2012.11.01"]

1. d4 f5 2. Nc3 Nf6 3. Bg5 d5 4. f3 Nbd7 5. Qd2 c6 6. Nh3 c5 7. dxc5 e6 8. e4
dxe4 9. fxe4 fxe4 10. Bc4 Qe7 11. O-O-O Ne5 12. Bb3 Bd7 13. Nf2 Bc6 14. Bxf6
Qxf6 15. Nfxe4 Qg6 16. Nd6+ Bxd6 17. Qxd6 Qg5+ 18. Kb1 Bd7 19. Rhe1 O-O-O 20.
Qxe5 Qxg2 21. Ne4 1-0

[Event "VI Weekend Firenzescacchi A"]
[Site "Firenze ITA"]
[Date "2012.11.01"]
[Round "1"]
[White "Gori, Marco"]
[Black "Bonacchi, Roberto"]
[WhiteElo "1823"]
[BlackElo "1566"]
[Result "0-1"]
[PlyCount "98"]
[EventDate "2012.11.01"]

1. e4 c5 2. Nf3 d6 3. g3 Nf6 4. d3 g6 5. Bg2 Bg7 6. Nc3 Nc6 7. Bg5 Qb6 8. Rb1
Be6 9. O-O h6 10. Bd2 O-O 11. a3 Qc7 12. Qc1 Kh7 13. Nb5 Qd7 14. c4 Bg4 15. Re1
Bxf3 16. Bxf3 Ne5 17. Be2 Qh3 18. f3 Nh5 19. Bf4 g5 20. Bxe5 Bxe5 21. Bf1 Qd7
22. Kg2 a6 23. Nc3 e6 24. Qd1 Ng7 25. Ne2 f5 26. b4 fxe4 27. dxe4 Qf7 28. Rb3
b6 29. Qd3 Kg8 30. Reb1 Qh5 31. bxc5 bxc5 32. Kg1 Ra7 33. Bg2 Qg6 34. Rb7 Rxb7
35. Rxb7 Rf7 36. Qb3 Rxb7 37. Qxb7 Qf6 38. Qxa6 Bd4+ 39. Kh1 Be3 40. h3 Qa1+
41. Kh2 Qe1 42. Qxd6 Qxe2 43. h4 gxh4 44. Qd8+ Kh7 45. Qxh4 Qxc4 46. Qf6 Qd4
47. e5 c4 48. Bh3 Qd2+ 49. Kh1 Qf2 0-1

[Event "VI Weekend Firenzescacchi A"]
[Site "Firenze ITA"]
[Date "2012.11.01"]
[Round "1"]
[White "Innocenti, Luca"]
[Black "Malescusi, Dea Nataraj"]
[WhiteElo "1992"]
[BlackElo "1669"]
[Result "1-0"]
[PlyCount "53"]
[EventDate "2012.11.01"]

1. Nf3 Nf6 2. g3 g6 3. Bg2 Bg7 4. O-O d5 5. d3 O-O 6. Nbd2 c6 7. e4 Nbd7 8. Re1
Qc7 9. e5 Ne8 10. d4 e6 11. c3 c5 12. Nf1 b6 13. Bh3 Ba6 14. Bg5 Nb8 15. Qd2
Nc6 16. b4 cxd4 17. cxd4 Qd7 18. a3 Nc7 19. Bh6 Rfc8 20. Bxg7 Kxg7 21. Ne3 Ne8
22. Ng4 Qe7 23. Qh6+ Kg8 24. Ng5 f6 25. exf6 Nxf6 26. Nxf6+ Qxf6 27. Bxe6+ 1-0

[Event "VI Weekend Firenzescacchi A"]
[Site "Firenze ITA"]
[Date "2012.11.01"]
[Round "1"]
[White "Landi, Alberto"]
[Black "Engl, Stefan"]
[WhiteElo "1578"]
[BlackElo "1857"]
[Result "1-0"]
[PlyCount "51"]
[EventDate "2012.11.01"]

1. e4 d5 2. exd5 Qxd5 3. Nc3 Qd6 4. d4 Nf6 5. Nf3 c6 6. Be3 Bg4 7. Be2 Nbd7 8.
Qd2 e6 9. Bf4 Qb4 10. O-O Be7 11. a3 Qb6 12. Rad1 O-O 13. Na4 Qd8 14. c4 Nb6
15. Nc3 Bxf3 16. gxf3 Qd7 17. Kh1 c5 18. d5 exd5 19. cxd5 Bd6 20. Rg1 Kh8 21.
Rxg7 Kxg7 22. Bh6+ Kh8 23. Bg7+ Kg8 24. Bxf6 Qf5 25. Rg1+ Qg6 26. Qh6 1-0

[Event "VI Weekend Firenzescacchi A"]
[Site "Firenze ITA"]
[Date "2012.11.01"]
[Round "1"]
[White "Lantschner, Alexander"]
[Black "Scali, Fausto"]
[WhiteElo "1650"]
[BlackElo "1882"]
[Result "0-1"]
[PlyCount "42"]
[EventDate "2012.11.01"]

1. e4 c5 2. Nf3 d6 3. d4 cxd4 4. Nxd4 a6 5. Nc3 Nf6 6. Be2 e5 7. Nf3 h6 8. O-O
Be7 9. h3 O-O 10. Be3 Be6 11. Qd2 Nbd7 12. Bxh6 gxh6 13. Qxh6 Nh7 14. Nh2 Bg5
15. Qh5 Ndf6 16. Qf3 Rc8 17. Qg3 Kh8 18. Ng4 Bf4 19. Qd3 Bc4 20. Qf3 Ng5 21.
Nxf6 Nxf3+ 0-1

[Event "VI Weekend Firenzescacchi A"]
[Site "Firenze ITA"]
[Date "2012.11.01"]
[Round "1"]
[White "Lantschner, Carmen"]
[Black "Bini, Lorenzo"]
[WhiteElo "1662"]
[BlackElo "1941"]
[Result "0-1"]
[PlyCount "94"]
[EventDate "2012.11.01"]

1. e4 g6 2. d4 Bg7 3. Be3 c6 4. Nc3 Qb6 5. Na4 Qa5+ 6. c3 b5 7. Nc5 d6 8. Nd3
Qc7 9. Nf3 Nd7 10. Bf4 e5 11. dxe5 dxe5 12. Be3 Ngf6 13. Nd2 O-O 14. Be2 c5 15.
O-O Bb7 16. f3 c4 17. Nf2 Ne8 18. Qc2 f5 19. Nh3 f4 20. Bf2 Bf6 21. g3 fxg3 22.
hxg3 Ng7 23. Be3 Ne6 24. b3 Nb6 25. Rad1 Kh8 26. b4 g5 27. Nf2 Qg7 28. Kg2 Nf4+
29. gxf4 gxf4+ 30. Ng4 fxe3 31. Nb1 Rad8 32. Rh1 Rxd1 33. Qxd1 Rd8 34. Qc1 Bg5
35. Kf1 Rf8 36. Ke1 Bf4 37. Kd1 Na4 38. Kc2 Rd8 39. Rd1 Qe7 40. Rh1 Rd6 41. Bd1
Qg5 42. Be2 Qxg4 43. Rxh7+ Kxh7 44. Qh1+ Rh6 45. Qxh6+ Kxh6 46. fxg4 Bxe4+ 47.
Kd1 Bxb1 0-1

[Event "VI Weekend Firenzescacchi A"]
[Site "Firenze ITA"]
[Date "2012.11.01"]
[Round "1"]
[White "Madiai, Federico"]
[Black "Mordini, Stefano"]
[WhiteElo "2208"]
[BlackElo "1752"]
[Result "1-0"]
[PlyCount "37"]
[EventDate "2012.11.01"]

1. e4 b6 2. f4 Bb7 3. d3 e6 4. Nf3 Bb4+ 5. c3 Be7 6. Be3 f5 7. Nbd2 Nf6 8. Qc2
d6 9. Be2 fxe4 10. dxe4 Nc6 11. O-O-O O-O 12. Ng5 Qc8 13. Bc4 Nd8 14. e5 g6 15.
exf6 Bxf6 16. Bd3 Bxg5 17. fxg5 Bxg2 18. Rhg1 Bh3 19. Bxg6 1-0

[Event "VI Weekend Firenzescacchi A"]
[Site "Firenze ITA"]
[Date "2012.11.01"]
[Round "1"]
[White "Resch, Aaron"]
[Black "Novelli, Cristiano"]
[WhiteElo "1692"]
[BlackElo "2022"]
[Result "0-1"]
[PlyCount "42"]
[EventDate "2012.11.01"]

1. e4 c5 2. Nf3 d6 3. d4 cxd4 4. Nxd4 Nf6 5. Nc3 g6 6. Be2 Bg7 7. Be3 a6 8. Qd2
Nbd7 9. Bh6 Bxh6 10. Qxh6 b5 11. Nd5 Bb7 12. Bf3 e5 13. Nb3 Bxd5 14. exd5 Qb6
15. O-O Rg8 16. Rfe1 g5 17. Be4 Ng4 18. Qxh7 Qxf2+ 19. Kh1 Ndf6 20. Qf5 Rh8 21.
h3 Rxh3+ 0-1

[Event "VI Weekend Firenzescacchi A"]
[Site "Firenze ITA"]
[Date "2012.11.01"]
[Round "2"]
[White "Bini, Lorenzo"]
[Black "Efimov, Igor"]
[WhiteElo "1941"]
[BlackElo "2406"]
[Result "0-1"]
[PlyCount "62"]
[EventDate "2012.11.01"]

1. f4 Nf6 2. e3 d6 3. Nc3 e5 4. fxe5 dxe5 5. Qf3 Bd6 6. Bc4 O-O 7. Nge2 Ng4 8.
Ne4 Qh4+ 9. Qg3 Nxe3 10. Bd3 Nf5 11. Qxh4 Nxh4 12. O-O Be7 13. Bc4 Nc6 14. a3
Nf5 15. c3 g6 16. d3 Kg7 17. g4 Nd6 18. Nxd6 Bxd6 19. g5 Bh3 20. Rd1 f5 21.
gxf6+ Rxf6 22. Be3 Rf3 23. Bf2 Raf8 24. Bg3 Re3 25. Rd2 Ne7 26. d4 e4 27. Bxd6
cxd6 28. Ng3 Nf5 29. Nf1 Rf3 30. Rad1 Rf4 31. Ng3 Ne3 0-1

[Event "VI Weekend Firenzescacchi A"]
[Site "Firenze ITA"]
[Date "2012.11.01"]
[Round "2"]
[White "Bonacchi, Roberto"]
[Black "Garofalo, Simone"]
[WhiteElo "1566"]
[BlackElo "2009"]
[Result "0-1"]
[PlyCount "136"]
[EventDate "2012.11.01"]

1. e4 e6 2. d4 d5 3. e5 c5 4. c3 Qb6 5. Nf3 Nc6 6. Bd3 cxd4 7. cxd4 Bd7 8. O-O
Nxd4 9. Nxd4 Qxd4 10. Nc3 a6 11. Qf3 Ne7 12. Rd1 Qh4 13. Bf4 Nc6 14. a3 Bc5 15.
g3 Qe7 16. Qg4 Qf8 17. Rac1 f5 18. exf6 Qxf6 19. Re1 O-O 20. Nxd5 Bxf2+ 21.
Kxf2 Qd4+ 22. Re3 Qxd5 23. Kg1 Qd4 24. Qh5 g6 25. Qh6 Qxb2 26. Rb1 Qg7 27. Qh4
Qf6 28. Qh6 Qg7 29. Qh4 Qf6 30. Qh6 b5 31. Rf1 Qg7 32. Qh4 Rf7 33. Bh6 Rxf1+
34. Bxf1 Qd4 35. Qg5 Re8 36. Bd3 Ne7 37. h4 Nf5 38. Bxf5 exf5 39. Qf4 Qxe3+ 40.
Qxe3 Rxe3 41. Bxe3 Kf7 42. Kf2 Ke6 43. Bd4 Kd5 44. Bb2 Kc4 45. Be5 a5 46. Ke2
b4 47. axb4 axb4 48. Kd2 Kd5 49. Bf4 Ke4 50. Kc2 Be6 51. Kb2 Kf3 52. Bd6 Kg4
53. Bf4 h6 54. Bd6 b3 55. Be5 g5 56. hxg5 hxg5 57. Kc3 f4 58. gxf4 gxf4 59. Kd3
Bf5+ 60. Ke2 Bc2 61. Kf2 Kf5 62. Bc3 Ke4 63. Bg7 Bd1 64. Bc3 Kd3 65. Bh8 Kc2
66. Ke1 Bh5 67. Kf2 b2 68. Bxb2 Kxb2 0-1

[Event "VI Weekend Firenzescacchi A"]
[Site "Firenze ITA"]
[Date "2012.11.01"]
[Round "2"]
[White "Burgassi, Daniele"]
[Black "Calcagnile, Lucio"]
[WhiteElo "1802"]
[BlackElo "2025"]
[Result "0-1"]
[PlyCount "48"]
[EventDate "2012.11.01"]

1. e4 c5 2. Nc3 Nc6 3. f4 g6 4. Nf3 Bg7 5. Bc4 d6 6. O-O e6 7. d3 Nge7 8. Qe1
O-O 9. f5 d5 10. Bb3 c4 11. dxc4 dxe4 12. f6 Bxf6 13. Nxe4 Bg7 14. Nfg5 Nf5 15.
g4 Nfd4 16. Nxh7 Ne5 17. Nhf6+ Bxf6 18. Nxf6+ Qxf6 19. Kg2 Qh8 20. Bf4 Nec6 21.
Bd6 Rd8 22. Bg3 e5 23. Bh4 Bxg4 24. Qg3 Nf5 0-1

[Event "VI Weekend Firenzescacchi A"]
[Site "Firenze ITA"]
[Date "2012.11.01"]
[Round "2"]
[White "Cignolini, Eugenio"]
[Black "Engl, Alexander"]
[WhiteElo "1661"]
[BlackElo "1737"]
[Result "0-1"]
[PlyCount "80"]
[EventDate "2012.11.01"]

1. c4 f5 2. Nc3 Nf6 3. d3 g6 4. Nf3 Bg7 5. g3 d6 6. Bg2 e5 7. Bg5 c6 8. Qd2 h6
9. Bxf6 Qxf6 10. e4 f4 11. Ne2 O-O 12. O-O Bg4 13. gxf4 exf4 14. Rab1 Nd7 15.
d4 Rae8 16. h3 Bh5 17. Qd3 Qe6 18. Nc3 Bxf3 19. Qxf3 Bxd4 20. Rbd1 Ne5 21. Rxd4
Nxf3+ 22. Bxf3 Qxh3 23. Bg2 Qg4 24. f3 Qg3 25. Rxd6 Rd8 26. e5 Qg5 27. Re1 Rxd6
28. exd6 Qc5+ 29. Kh1 Qxd6 30. Bh3 Qd3 31. Kg2 Qd8 32. Ne4 h5 33. Re2 g5 34.
Rd2 Qa5 35. Be6+ Kh8 36. c5 Re8 37. Rd6 g4 38. Ng5 Qxc5 39. Ne4 gxf3+ 40. Kh3
Qc2 0-1

[Event "VI Weekend Firenzescacchi A"]
[Site "Firenze ITA"]
[Date "2012.11.01"]
[Round "2"]
[White "Engl, Stefan"]
[Black "Fiaschi, Maurizio"]
[WhiteElo "1857"]
[BlackElo "1673"]
[Result "1-0"]
[PlyCount "185"]
[EventDate "2012.11.01"]

1. f4 d6 2. e4 Nf6 3. d3 e5 4. Nf3 exf4 5. Bxf4 Nc6 6. Be2 Bg4 7. Nbd2 Be7 8.
O-O d5 9. Ne5 Bxe2 10. Qxe2 Bc5+ 11. Kh1 Nd4 12. Qd1 O-O 13. Bg5 Ne6 14. Bxf6
gxf6 15. Qg4+ Ng7 16. Nef3 Be3 17. exd5 Qxd5 18. Ne4 Qc6 19. Nh4 Bg5 20. Nxg5
fxg5 21. Qxg5 Kh8 22. Nf5 Nxf5 23. Qxf5 f6 24. Rae1 Rae8 25. Rxe8 Rxe8 26. h3
Re2 27. Rf2 Re1+ 28. Kh2 Qd6+ 29. Qf4 Qxf4+ 30. Rxf4 Re2 31. Rxf6 Kg7 32. Rf4
Rxc2 33. Rc4 Rxb2 34. Rxc7+ Kg6 35. a4 a5 36. Kg3 Rb3 37. Rd7 b5 38. axb5 Rxb5
39. Ra7 h5 40. Kf3 Kg5 41. Rg7+ Kf6 42. Ra7 Kg5 43. g3 Kf5 44. h4 Ke5 45. Ke3
Kd5 46. Rh7 Kc6 47. Rh6+ Kb7 48. Kd4 a4 49. Kc4 Rb1 50. Rxh5 Kb6 51. Rh6+ Ka5
52. Kc3 a3 53. Rh8 Rg1 54. Ra8+ Kb6 55. Rxa3 Rxg3 56. Ra4 Kb5 57. Re4 Rh3 58.
Kd4 Kc6 59. Kc4 Kd6 60. d4 Rh1 61. Kd3 Rd1+ 62. Ke3 Kd5 63. Re5+ Kd6 64. Ke4
Re1+ 65. Kf5 Rd1 66. Ke4 Re1+ 67. Kf4 Rd1 68. Ke3 Re1+ 69. Kf4 Rd1 70. Re8 Kd7
71. Re4 Kd6 72. Kg5 Kd5 73. Rg4 Ke6 74. Kg6 Ra1 75. h5 Ra6 76. Kh7 Kf5 77. Rg6
Ra4 78. Rd6 Kg5 79. h6 Ra6 80. Kg8 Ra8+ 81. Kf7 Ra7+ 82. Ke8 Ra8+ 83. Ke7 Ra7+
84. Rd7 Ra8 85. h7 Kg6 86. d5 Kxh7 87. d6 Kg7 88. Ke6+ Kg8 89. Re7 Ra1 90. d7
Re1+ 91. Kd6 Rd1+ 92. Kc6 Rc1+ 93. Kb5 1-0

[Event "VI Weekend Firenzescacchi A"]
[Site "Firenze ITA"]
[Date "2012.11.01"]
[Round "2"]
[White "Francalanci, Giulio"]
[Black "Landi, Alberto"]
[WhiteElo "1798"]
[BlackElo "1578"]
[Result "1/2-1/2"]
[PlyCount "115"]
[EventDate "2012.11.01"]

1. e4 Nf6 2. e5 Nd5 3. d4 d6 4. Bc4 Nb6 5. Bb3 d5 6. c4 dxc4 7. Bxc4 Nxc4 8.
Qa4+ Nc6 9. Qxc4 Qxd4 10. Na3 Bf5 11. Nf3 Qxc4 12. Nxc4 e6 13. O-O Bd3 14. b3
Bxf1 15. Kxf1 O-O-O 16. Be3 Be7 17. Ng5 Bxg5 18. Bxg5 Rd5 19. Bf4 Rhd8 20. Ke2
h6 21. Rc1 g5 22. Bg3 Nd4+ 23. Ke1 Nf5 24. f4 Nxg3 25. hxg3 Kb8 26. Rc2 gxf4
27. gxf4 Rd4 28. g3 Rg8 29. Kf2 Rd3 30. Ne3 b6 31. Ke2 Rd4 32. Kf2 Kb7 33. Kf3
h5 34. Rh2 Rh8 35. Nc4 Rd1 36. Ne3 Ra1 37. Ke4 Rg1 38. Kf3 b5 39. Kf2 Ra1 40.
Kf3 Kc6 41. Rc2+ Kd7 42. Rh2 Ke7 43. Rc2 Rc8 44. Rh2 c5 45. Rc2 a5 46. Kg2 Kf8
47. Kh3 Kg7 48. Kg2 Kg6 49. Kf3 Rh1 50. Kg2 Ra1 51. Kf3 h4 52. gxh4 Kh5 53. Rg2
c4 54. Rg5+ Kh6 55. Ng4+ Kh7 56. Nf6+ Kh8 57. Rh5+ Kg7 58. Rg5+ 1/2-1/2

[Event "VI Weekend Firenzescacchi A"]
[Site "Firenze ITA"]
[Date "2012.11.01"]
[Round "2"]
[White "La Cognata, Lorenzo"]
[Black "Gori, Marco"]
[WhiteElo "1674"]
[BlackElo "1823"]
[Result "1/2-1/2"]
[PlyCount "58"]
[EventDate "2012.11.01"]

1. e4 c6 2. Nc3 d5 3. Nf3 e6 4. d4 Nf6 5. Bg5 Be7 6. e5 Nfd7 7. Bxe7 Qxe7 8.
Bd3 a6 9. Qd2 c5 10. Qe3 Nc6 11. b3 cxd4 12. Nxd4 Ndxe5 13. Na4 Nxd3+ 14. Qxd3
O-O 15. O-O e5 16. Rfe1 Qc7 17. Nxc6 bxc6 18. Qc3 f6 19. Rad1 d4 20. Qc4+ Kh8
21. Nc5 Qb6 22. a4 a5 23. c3 dxc3 24. Qxc3 Bf5 25. Nd7 Bxd7 26. Rxd7 Rfd8 27.
Red1 Rxd7 28. Rxd7 Rd8 29. Qxc6 Rxd7 1/2-1/2

[Event "VI Weekend Firenzescacchi A"]
[Site "Firenze ITA"]
[Date "2012.11.01"]
[Round "2"]
[White "Malescusi, Dea Nataraj"]
[Black "Bagaglia, Riccardo"]
[WhiteElo "1669"]
[BlackElo "1773"]
[Result "0-1"]
[PlyCount "114"]
[EventDate "2012.11.01"]

1. d4 Nf6 2. c4 g6 3. Nc3 d5 4. cxd5 Nxd5 5. e4 Nxc3 6. bxc3 Bg7 7. Bc4 O-O 8.
Ne2 c5 9. Be3 Qc7 10. Rc1 Nc6 11. O-O b6 12. f3 Na5 13. Bd3 c4 14. Bb1 Bd7 15.
e5 e6 16. Qd2 Rfc8 17. Bh6 Bh8 18. Ng3 Bc6 19. Be4 Bd5 20. Bxd5 exd5 21. Nh5
Qe7 22. Bf4 Qf8 23. Nf6+ Bxf6 24. exf6 Re8 25. Rfe1 Re6 26. Bh6 Qd6 27. Bg7
Rae8 28. Rxe6 fxe6 29. f4 Nb7 30. Re1 Qd7 31. Qf2 Nd6 32. Re3 Nf5 33. Rh3 Nxg7
34. fxg7 Qxg7 35. Qe2 Qf6 36. Qg4 Qf5 37. Qh4 h5 38. Rg3 Kf7 39. a4 Qb1+ 40.
Kf2 Qc2+ 41. Kf1 Qd1+ 42. Kf2 Qd2+ 43. Kf1 Rg8 44. Qg5 Qd1+ 45. Kf2 Qxa4 46.
Qe5 Qd7 47. Re3 a5 48. Re1 b5 49. Ra1 Ra8 50. Qe2 Ra7 51. Qb2 Qc6 52. Kf3 Qb6
53. g4 hxg4+ 54. Kxg4 Rb7 55. Rb1 b4 56. cxb4 axb4 57. h4 c3 0-1

[Event "VI Weekend Firenzescacchi A"]
[Site "Firenze ITA"]
[Date "2012.11.01"]
[Round "2"]
[White "Mordini, Stefano"]
[Black "Lantschner, Carmen"]
[WhiteElo "1752"]
[BlackElo "1662"]
[Result "1-0"]
[PlyCount "67"]
[EventDate "2012.11.01"]

1. Nf3 d6 2. d4 Nf6 3. e3 g6 4. Be2 Bg7 5. Nbd2 c5 6. b3 Nc6 7. Bb2 cxd4 8.
exd4 O-O 9. O-O Bd7 10. c4 e6 11. Re1 d5 12. Ba3 Re8 13. Bd6 Bc8 14. Be5 Nxe5
15. Nxe5 dxc4 16. Ndxc4 Bd7 17. Nd6 Re7 18. Nxb7 Qb6 19. Bf3 Rc8 20. Nc5 Bb5
21. Rc1 Rd8 22. Nc4 Bxc4 23. Rxc4 Nd5 24. Qd2 Qd6 25. Rec1 Qb6 26. Qg5 Ree8 27.
Qh4 Nb4 28. a3 Na6 29. b4 Qd6 30. Nb7 Qb8 31. Nxd8 Rxd8 32. Qxd8+ Qxd8 33. Rc8
Qxc8 34. Rxc8+ 1-0

[Event "VI Weekend Firenzescacchi A"]
[Site "Firenze ITA"]
[Date "2012.11.01"]
[Round "2"]
[White "Novelli, Cristiano"]
[Black "Bini, Alessandro"]
[WhiteElo "2022"]
[BlackElo "1859"]
[Result "1-0"]
[PlyCount "98"]
[EventDate "2012.11.01"]

1. e4 g6 2. Nc3 Bg7 3. g3 d6 4. d3 Nf6 5. Bg2 c6 6. h3 e5 7. Bg5 h6 8. Be3 c5
9. Qd2 Nc6 10. g4 Nd4 11. Nce2 h5 12. g5 Nh7 13. h4 O-O 14. c3 Nc6 15. Ng3 Bg4
16. Nh3 b6 17. f3 Bxh3 18. Bxh3 d5 19. Bf2 Qd6 20. O-O-O b5 21. Kb1 d4 22. cxd4
Nxd4 23. Bxd4 cxd4 24. Rc1 a5 25. Rc2 Qb4 26. Qxb4 axb4 27. Rhc1 b3 28. axb3
Rfb8 29. Ne2 Bf8 30. f4 Bd6 31. Rc6 Rd8 32. f5 Nf8 33. Ng3 Bb4 34. fxg6 fxg6
35. Rf1 Rd6 36. Rxd6 Bxd6 37. Ne2 Ra7 38. Rf6 Be7 39. Rb6 b4 40. Ng1 Nd7 41.
Bxd7 Rxd7 42. Rxg6+ Kf7 43. Rh6 Bf8 44. Rf6+ Ke7 45. Nf3 Bg7 46. Nxe5 Bxf6 47.
gxf6+ Ke6 48. Nxd7 Kxd7 49. Kc1 Ke6 1-0

[Event "VI Weekend Firenzescacchi A"]
[Site "Firenze ITA"]
[Date "2012.11.01"]
[Round "2"]
[White "Omeri, Silvan"]
[Black "Ghods, Maziar"]
[WhiteElo "2194"]
[BlackElo "1896"]
[Result "1-0"]
[PlyCount "101"]
[EventDate "2012.11.01"]

1. Nf3 Nf6 2. c4 g6 3. Nc3 c5 4. g3 Nc6 5. Bg2 Bg7 6. O-O O-O 7. d3 d6 8. a3
Re8 9. Rb1 Rb8 10. b4 b6 11. Ng5 Nd4 12. Nce4 Ne6 13. Nxf6+ Bxf6 14. Ne4 Bg7
15. bxc5 Nxc5 16. Nxc5 dxc5 17. Qa4 a6 18. Bc6 Rf8 19. Bf4 e5 20. Be3 Qc7 21.
Bd5 Rd8 22. Bg5 Rf8 23. Qc6 Qxc6 24. Bxc6 f6 25. Bd5+ Kh8 26. Be3 Bh3 27. Rfc1
f5 28. f4 Bh6 29. Kf2 exf4 30. gxf4 Bg7 31. Bd2 Bf6 32. Bc3 Bg4 33. Bxf6+ Rxf6
34. Rb2 Bh5 35. a4 a5 36. Rcb1 Kg7 37. Rb5 Re8 38. e3 Rc8 39. Rxb6 Rxb6 40.
Rxb6 Bd1 41. Bc6 Rd8 42. Rb7+ Kh6 43. Rd7 Rb8 44. Bb5 Rc8 45. d4 cxd4 46. exd4
g5 47. fxg5+ Kxg5 48. c5 Kf4 49. c6 Bf3 50. c7 Rg8 51. Bf1 1-0

[Event "VI Weekend Firenzescacchi A"]
[Site "Firenze ITA"]
[Date "2012.11.01"]
[Round "2"]
[White "Pavan, Federico"]
[Black "Lantschner, Alexander"]
[WhiteElo "1696"]
[BlackElo "1650"]
[Result "1/2-1/2"]
[PlyCount "64"]
[EventDate "2012.11.01"]

1. c4 e5 2. Nc3 Bc5 3. g3 Nf6 4. Bg2 c6 5. e3 d6 6. d4 exd4 7. exd4 Bb4 8. Bd2
O-O 9. Nge2 d5 10. cxd5 Bxc3 11. bxc3 Nxd5 12. O-O h6 13. Nf4 Nxf4 14. Bxf4 Be6
15. Qh5 Nd7 16. Rfe1 Nf6 17. Qd1 Bd5 18. Bxd5 Nxd5 19. Bd2 b5 20. Qg4 Nf6 21.
Qf3 Qd5 22. Qf4 Qd7 23. Re5 Qh3 24. Qh4 Qxh4 25. gxh4 Nd5 26. Rae1 a5 27. a3 a4
28. Kf1 Rac8 29. h3 f5 30. f4 Kh7 31. Kf2 Rf6 32. Re6 Rcf8 1/2-1/2